Stationen der S40 (Wien) - Statistiken

Allgemein
  • Dieses Quiz wurde 36 mal gespielt
    28 seit der letzten Aktualisierung
  • Das Durchschnittsergebnis liegt bei 15 aus 32
Antwortstatistiken
Haltestelle % Korrekt
Wien Heiligenstadt
100%
Tulln
91%
St. Pölten Hauptbahnhof
87%
Wien Franz-Josefs-Bahnhof
87%
Wien Nußdorf
87%
Wien Spittelau
78%
Klosterneuburg-Weidling
74%
Klosterneuburg-Kierling
70%
St. Andrä-Wördern
70%
Tullnerfeld
65%
Langenlebarn
57%
Tulln Stadt
57%
Herzogenburg
52%
Kritzendorf
52%
Greifenstein-Altenberg
43%
Traismauer
43%
Unterkritzendorf
43%
Moosbierbaum-Heiligeneich
39%
Höflein an der Donau
35%
Viehofen
35%
Zeiselmauer-Königstetten
35%
Gemeinlebarn
30%
Muckendorf-Wipfing
30%
St. Pölten Traisenpark/P+R Nord
30%
Getzersdorf ob der Traisen
22%
Oberradlberg
22%
Sitzenberg-Reidling
22%
Unterradlberg
22%
Atzenbrugg
17%
Herzogenburg Stadt
17%
Michelhausen
13%
Trasdorf
13%
Keine übereinstimmenden Quizze gefunden
Verteilung der Resultate
Anzahl Personen mit jedem Resultat
Perzentil nach korrekt beantworteten Fragen
Ihre Resultats-Entwicklung
Sie haben dieses Quiz seit der letzten Aktualisierung nicht gespielt